<?xml version="1.0" encoding="UTF-8"?>
<record
    xmlns:xsi="http://www.w3.org/2001/XMLSchema-instance"
    xsi:schemaLocation="http://www.loc.gov/MARC21/slim http://www.loc.gov/standards/marcxml/schema/MARC21slim.xsd"
    xmlns="http://www.loc.gov/MARC21/slim">

  <leader>02072nam a2200349   4500</leader>
  <controlfield tag="001">OTLid0000435</controlfield>
  <controlfield tag="003">MnU</controlfield>
  <controlfield tag="005">20201105133325.0</controlfield>
  <controlfield tag="006">m     o  d s      </controlfield>
  <controlfield tag="008">180907s2016    mnu     o     0   0 eng d</controlfield>
  <datafield tag="040" ind1=" " ind2=" ">
    <subfield code="a">MnU</subfield>
    <subfield code="b">eng</subfield>
    <subfield code="c">MnU</subfield>
  </datafield>
  <datafield tag="050" ind1=" " ind2="4">
    <subfield code="a">PE1408</subfield>
  </datafield>
  <datafield tag="100" ind1="1" ind2=" ">
    <subfield code="a">Calder&#xF3;n, Amber Bliss</subfield>
    <subfield code="e">author</subfield>
  </datafield>
  <datafield tag="245" ind1="0" ind2="0">
    <subfield code="a">PDX Journeys</subfield>
    <subfield code="b">Studying and Living in the US, Low-Intermediate Novel and Textbook for University ESL Students</subfield>
    <subfield code="c">Amber Calder&#xF3;n</subfield>
  </datafield>
  <datafield tag="264" ind1=" " ind2="2">
    <subfield code="b">Open Textbook Library</subfield>
  </datafield>
  <datafield tag="264" ind1=" " ind2="1">
    <subfield code="b">Portland State University Library</subfield>
  </datafield>
  <datafield tag="300" ind1=" " ind2=" ">
    <subfield code="a">1 online resource</subfield>
  </datafield>
  <datafield tag="490" ind1="0" ind2=" ">
    <subfield code="a">Open textbook library.</subfield>
  </datafield>
  <datafield tag="505" ind1="0" ind2=" ">
    <subfield code="a">Unit 1: Academic Expectations -- Chapter 1: Stephanie's Story -- Chapter 2: IELP Expectations of Students -- Chapter 3: The Pros and Cons of Studying Abroad -- Unit 2: Problem Solving -- Chapter 4: Luna and Violeta's Story -- Chapter 5: Solve That Problem -- Chapter 6: Easier Said than Done</subfield>
  </datafield>
  <datafield tag="520" ind1="0" ind2=" ">
    <subfield code="a">Each unit begins with a chapter of fiction about a teacher and students in one ESL class. Reading comprehension and reading skills exercises follow. Prefix and suffix vocabulary-focus exercises are included. Academic Word List vocabulary exercises help students build a strong foundation in both receptive and productive knowledge. The following chapters in each unit expand on unit themes through non-fiction articles focusing on academic preparation, international experiences, and cultural adjustment. Vocabulary is repeated and comprehension and reading skills are further practiced.</subfield>
  </datafield>
  <datafield tag="542" ind1="1" ind2=" ">
    <subfield code="f">Attribution-NonCommercial</subfield>
  </datafield>
  <datafield tag="546" ind1=" " ind2=" ">
    <subfield code="a">In English.</subfield>
  </datafield>
  <datafield tag="588" ind1="0" ind2=" ">
    <subfield code="a">Description based on online resource</subfield>
  </datafield>
  <datafield tag="650" ind1=" " ind2="0">
    <subfield code="a">Humanities</subfield>
    <subfield code="v">Textbooks</subfield>
  </datafield>
  <datafield tag="650" ind1=" " ind2="0">
    <subfield code="a">Rhetoric</subfield>
    <subfield code="v">Textbooks</subfield>
  </datafield>
  <datafield tag="710" ind1="2" ind2=" ">
    <subfield code="a">Open Textbook Library</subfield>
    <subfield code="e">distributor</subfield>
  </datafield>
  <datafield tag="856" ind1="4" ind2="0">
    <subfield code="u">https://open.umn.edu/opentextbooks/textbooks/435</subfield>
    <subfield code="z">Access online version</subfield>
  </datafield>
  <datafield tag="999" ind1=" " ind2=" ">
    <subfield code="c">19818</subfield>
    <subfield code="d">19818</subfield>
  </datafield>
  <datafield tag="952" ind1=" " ind2=" ">
    <subfield code="0">0</subfield>
    <subfield code="1">0</subfield>
    <subfield code="2">lcc</subfield>
    <subfield code="4">0</subfield>
    <subfield code="7">0</subfield>
    <subfield code="a">DL</subfield>
    <subfield code="c">OA</subfield>
    <subfield code="d">2020-11-05</subfield>
    <subfield code="l">0</subfield>
    <subfield code="o">PE1408</subfield>
    <subfield code="r">2020-11-05</subfield>
    <subfield code="u">https://open.umn.edu/opentextbooks/textbooks/435</subfield>
    <subfield code="w">2020-11-05</subfield>
    <subfield code="y">EBOOK</subfield>
  </datafield>
</record>
